| 000 | 00523nam a2200217Ia 4500 | ||
|---|---|---|---|
| 003 | OSt | ||
| 005 | 20230420104151.0 | ||
| 008 | 210423s2012 xx 000 0 und d | ||
| 040 | _cAL | ||
| 041 | _aeng | ||
| 082 |
_a332.1 _223 _b GOES |
||
| 100 |
_aGOEL (Sandeep) _990869 |
||
| 245 | _aFinancial services | ||
| 260 |
_aNew Delhi _bPHI Learning Pvt Ltd _c2012 |
||
| 300 | _bPB | ||
| 365 |
_b225 _cINR |
||
| 650 |
_aBanking _990870 |
||
| 650 |
_aEconomics _990871 |
||
| 906 | _aFinancial ; services | ||
| 942 |
_2ddc _cBK |
||
| 999 |
_c160778 _d160778 |
||